02112nam a22001937a 4500003000900000005001700009008004100026040001300067100002700080245002100107250000600128260002100134300002300155490000600178520160500184942001201789999001701801952010001818IT-RoPau20220918175940.0130202b xxu||||| |||| 00| 0 eng d cIT-RoPau aChiesa, Francesco9338 aGesù Cristo Re aI aAlbabPSSPc1926 a323 p.c23 x 22 cm vI aIndice Prefazione Enciclica <> I. Introduzione II. Regalità di Gesù Cristo III. Festività della Regalità di G.C. Lettura I. Il vero Re >> II. La regalità di Gesù nella Bibbia dell' A.T. >> III. Cristo Re nel N. Testamento >> IV. Cristo Re nella Santa Liturgia >> V. Fondamenti della Regalità di Gesù Cristo >> VI. Natura del Regno di Gesù Cristo >> VII. Territorio del Regno di G. C. <> >> VIII. Territori del Regno di G.C. <> >> IX. Territorio del Regno di Gesù Cristo >>la volonta>> >> X. Il Manto Regale - Gesù Re dei secoli >> XI. Il Manto Regale - Universalità del Regno >> XII. La Corona Regale di Cristo Re <> >> XIII. Lo scettro Regale di Cristo Re >> XIV. Il Trono Regale di Cristo Re >> XV. La corte di Cristo Re >> XVI. Il Genio di Cristo Re >> XVII. Il Regno di Gesù Cristo >> XVIII. La forma generale del Regno di Gesù Cristo >> XIX. La forma di governo del Regno di Gesù Cristo >> XXI. Estensione del Regno visibile di G. Cristo >> XXII. G. C. Re delle nazioni >> XXIII. Gesù Re delle famiglie >> XXIV. Il Regno di Gesù Cristo in noi >> XXV. Il Regno di Gesù Cristo nella mente >> XXVI. Il Regno di Gesù Cristo nella volontà >> XXVII. Il Regno di Gesù Cristo nei cuori >>XXVIII. Il Regno di Gesù Cristo nel nostro corpo >> XXIX. La festività di Gesù Cristo Re >> XXX. La Liturgia della festa di G.C. Re >> XXXI. Consecrazione a Gesù Cristo Re  2ddccBK c37949d37949 00102ddc406P_B571aPAULUSbPAULUSd2013-02-02l0oP B5r2013-02-02 00:00:00w2013-02-02yBK